Nuôi gà tự cải thiện

Những biện pháp kinh tế, kỹ thuật chính cần áp dụng trong chăn nuôi gà ở gia đình. Mục đích nuôi và giống gà nuôi. Phương thức và các biện pháp kỹ thuật chăn nuôi. Việc chăm sóc và phòng chống bệnh cho gà

Sparad:
Bibliografiska uppgifter
Huvudupphovsman: Đặng Trần Dũng
Övriga upphovsmän: Bùi Quang Toàn (Tác giả)
Materialtyp: Bok
Språk:Vietnamese
Publicerad: H. Nông nghiệp 1980
Ämnen:
Taggar: Lägg till en tagg
Inga taggar, Lägg till första taggen!
Thư viện lưu trữ: Mạng thư viện Đại học Đà Nẵng
LEADER 01360nam a22003618a 4500
001 000013661
003 10005
005 20120320100352.0
008 120320s1980 b 000 0 vieod
020 |c 0đ  |d 20070b 
041 0 |a vie 
082 |a 636.5  |b ĐĂ-D 
084 |a M  |b N515G 
100 1 |a Đặng Trần Dũng 
245 1 0 |a Nuôi gà tự cải thiện  |c Đặng Trần Dũng, Bùi Quang Toàn 
260 |a H.  |b Nông nghiệp  |c 1980 
300 |a 81tr  |c 19cm 
520 |a Những biện pháp kinh tế, kỹ thuật chính cần áp dụng trong chăn nuôi gà ở gia đình. Mục đích nuôi và giống gà nuôi. Phương thức và các biện pháp kỹ thuật chăn nuôi. Việc chăm sóc và phòng chống bệnh cho gà 
653 |a gia cầm 
653 |a Chăn nuôi 
653 |a gà 
700 1 |a Bùi Quang Toàn  |e Tác giả 
910 |a Nguyên Thị Lê Na 
OWN |a LSP 
AVA |a UDN50  |b LSP  |d 636.5 ĐĂ-D  |e available  |t Error 5001 Not defined in file expand_doc_bib_avail.  |f 1  |g 0  |h N  |i 0  |k 1 
999 |a From the UDN01 
AVA |a UDN50  |b LSP  |d 636.5 ĐĂ-D  |e available  |t Error 5001 Not defined in file expand_doc_bib_avail.  |f 1  |g 0  |h N  |i 0  |k 1 
TYP |a Monograph 
TYP |a Printed language 
980 |a Mạng thư viện Đại học Đà Nẵng